| 000 | 00000nam 2200000zi 4500 |
| 001 | 9.946681 |
| 003 | CaOODSP |
| 005 | 20250224144124 |
| 006 | m o d f |
| 007 | cr mn||||||||| |
| 008 | 250109s1981 onca o f000 0 fre d |
| 040 | |aCaOODSP|bfre|erda|cCaOODSP |
| 041 | 0 |afre|aeng |
| 043 | |an-cn---|an-usu-- |
| 086 | 1 |aId32-9/1981F-PDF |
| 245 | 00|aDébouchés pour les produits du bois dans les États du Sud-Est / |cpréparée par MacFarlane & Company, Inc., pour le compte du Gouvernement du Canada, Ministère de l'industrie et du commerce. |
| 264 | 1|aOttawa, Canada : |bGouvernement du Canada, Industrie et commerce = Government of Canada, Industry, Trade and Commerce, |c1981. |
| 300 | |a1 ressource en ligne (1 volume (pagination multiple)) : |billustration |
| 336 | |atexte|btxt|2rdacontent/fre |
| 337 | |ainformatique|bc|2rdamedia/fre |
| 338 | |aressource en ligne|bcr|2rdacarrier/fre |
| 500 | |aPublié aussi en anglais sous le titre : Southeastern wood products opportunity study. |
| 500 | |aEn tête du titre : Études du marché des États-Unis. |
| 500 | |a« 21 avril 1981. » |
| 500 | |aÉdition numérisée de l'imprimé [par Innovation, sciences et développement économique Canada]. |
| 546 | |aTexte principalement en français; comprend du texte en anglais. |
| 650 | 6|aProduits du bois|xIndustrie|zCanada. |
| 650 | 6|aÉtudes de marché|zÉtats-Unis (Sud) |
| 651 | 0|aCanada|xCommerce|zÉtats-Unis (Sud) |
| 710 | 1 |aCanada. |bIndustrie et commerce, |eorganisme de publication. |
| 775 | 08|tSoutheastern wood products opportunity study / |w(CaOODSP)9.934243 |
| 856 | 40|qPDF|s2.25 Mo|uhttps://publications.gc.ca/collections/collection_2025/isde-ised/id32/Id32-9-1981-fra.pdf |